| Tag |
First Indicator |
Second Indicator |
Subfields |
| LEADER |
00000cam a2200000 4500 |
| 001 |
in00000064736 |
| 005 |
20151008050709.0 |
| 008 |
750520s1961 fi a 00000 eng u |
| 010 |
|
|
|a 65002522
|
| 035 |
|
|
|a (OCoLC)01345951
|
| 035 |
|
|
|9 AAG2712AM
|
| 040 |
|
|
|c UCW
|d TXA
|d UtOrBLW
|
| 041 |
0 |
|
|a eng
|a fin
|
| 049 |
|
|
|a TXAM
|c [349598]
|
| 050 |
|
0 |
|a HG229
|b .P353
|
| 092 |
|
|
|a 332.414
|b P333s
|
| 100 |
1 |
|
|a Paunio, J. J.
|
| 245 |
1 |
2 |
|a A study in the thory of open inflation.
|
| 264 |
|
1 |
|a Helsinki,
|b [publisher not identified] ;
|c [1961]
|
| 300 |
|
|
|a 141 pages :
|b illustrations ;
|c 25 cm.
|
| 336 |
|
|
|a text
|b txt
|2 rdacontent
|
| 337 |
|
|
|a unmediated
|b n
|2 rdamedia
|
| 338 |
|
|
|a volume
|b nc
|2 rdacarrier
|
| 490 |
0 |
|
|a Bank of Finland. Institute for Economic Research. Publications, series B: 20
|
| 502 |
|
|
|c Original Finnish version was the author's thesis, University of Helsinki
|d 1959.
|
| 504 |
|
|
|a Bibliography: pages 138-141.
|
| 650 |
|
0 |
|a Inflation (Finance)
|
| 999 |
|
|
|a MARS
|
| 999 |
f |
f |
|s 21cf33a3-efd7-308f-9823-8e4d6d40e38a
|i d37e9515-26d5-358f-a33e-9901726fe401
|t 0
|
| 952 |
f |
f |
|p ric
|a Texas A&M University
|b Rellis Campus
|c Joint Library Facility
|d Remote Storage
|t 0
|e HG229 .P353
|h Library of Congress classification
|i unmediated -- volume
|m A14800733715
|
| 998 |
f |
f |
|a HG229 .P353
|t 0
|l Remote Storage
|